The history of the Mohammedan Dynasties in Spain / (Record no. 21718)

MARC details
000 -LEADER
campo de control de longitud fija 00635nam a2200193 i 4500
001 - NÚMERO DE CONTROL
campo de control 21718
003 - IDENTIFICADOR DE NÚMERO DE CONTROL
campo de control ES-MaACL
005 - FECHA Y HORA DE LA ÚLTIMA TRANSACCIÓN
campo de control 20231226135801.0
007 - CAMPO FIJO DE DESCRIPCIÓN FÍSICA--INFORMACIÓN GENERAL
campo de control de longitud fija t|
008 - DATOS DE LONGITUD FIJA--INFORMACIÓN GENERAL
campo de control de longitud fija 021127s1840 xxk ||||1| eng d
100 0# - ENTRADA PRINCIPAL--NOMBRE DE PERSONA
Nombre de persona Ahmed ibn Mohamed Al-Makkari.
9 (RLIN) 18944
245 14 - MENCIÓN DEL TÍTULO
Título The history of the Mohammedan Dynasties in Spain /
Mención de responsabilidad, etc. Ahmed ibn Mohamed Al-Makkari ; translated by Pascual de Gayangos.
260 ## - PUBLICACIÓN, DISTRIBUCIÓN, ETC.
Lugar de publicación, distribución, etc. London :
Nombre del editor, distribuidor, etc. W.H. Allend and Cº,
Fecha de publicación, distribución, etc. 1840.
300 ## - DESCRIPCIÓN FÍSICA
Extensión 2 v. ;
Dimensiones 27 cm.
651 #4 - PUNTO DE ACCESO ADICIONAL DE MATERIA--NOMBRE GEOGRÁFICO
Nombre geográfico Al-Andalus-
Subdivisión general Historia.
9 (RLIN) 7609
700 1# - ENTRADA AGREGADA--NOMBRE PERSONAL
Nombre de persona Gayangos, Pascual de,
Fechas asociadas al nombre 1809-1897
9 (RLIN) 56138
852 ## - LOCALIZACIÓN
Ubicación ES-MaACL
Número de control de estantería C-1869-70
Holdings
Estatus retirado Estado de pérdida Estado de daño No para préstamo Colección Biblioteca de origen Biblioteca actual Ubicación en estantería Fecha de adquisición Fuente de adquisición Total de préstamos Signatura topográfica completa Código de barras Visto por última vez Precio de reemplazo Tipo de ítem Koha
        Libros del s. XIX Biblioteca del Ateneo de Madrid Biblioteca del Ateneo de Madrid Sala Palomar 17/01/2008     C-1869-70 1022322 23/02/2023 23/02/2023 Libro impreso antiguo